[Event "CRO-chT (Women) 27th"]
[Site "Biograd"]
[Date "2018.09.09"]
[Round "2.12"]
[White "Saric, Zrinka"]
[Black "Spiranec, Noemi"]
[Result "1/2-1/2"]
[WhiteElo "2115"]
[BlackElo "2035"]
[PlyCount "79"]
[EventDate "2018.09.08"]
[EventType "team-tourn"]
[EventRounds "9"]
[EventCountry "CRO"]
[SourceTitle "CBM 186 Extra"]
[Source "ChessBase"]
[SourceDate "2018.08.24"]
[SourceVersion "1"]
[SourceVersionDate "2018.08.24"]
[SourceQuality "1"]
[WhiteTeam "Rijeka Liburnija (W)"]
[BlackTeam "Sisak (W)"]
[WhiteTeamCountry "CRO"]
[BlackTeamCountry "CRO"]

1. e4 c5 2. Nf3 e6 3. d4 cxd4 4. Nxd4 a6 5. Bd3 Bc5 6. Nb3 Ba7 7. Qe2 Nc6 8. Nc3 d6 9. Be3 Nge7 10. 0-0 0-0 11. Rad1 Qc7 12. Bxa7 Rxa7 13. a3 Rd8 14. f4 b5 15. Kh1 Qb8 16. f5 f6 17. fxe6 Bxe6 18. Nd5 Ne5 19. h3 N7c6 20. c3 Re8 21. Bb1 Ne7 22. Nd4 Nxd5 23. Nxe6 Rxe6 24. exd5 Re8 25. Qe4 Ng6 26. Qg4 Ne5 27. Qf5 Ng6 28. Qg4 Ne5 29. Qg3 Qd8 30. Rde1 Rc7 31. Qh4 h6 32. Qh5 Rf8 33. Bf5 Qe8 34. Qh4 g6 35. Bb1 Kg7 36. Re2 Rc4 37. Qf2 Qf7 38. Ba2 Rc5 39. Qd4 Qa7 40. Ref2 1/2-1/2

[Event "Helsingor Xtracon op"]
[Site "Helsingor"]
[Date "2017.07.30"]
[Round "10"]
[White "Saric, Zrinka"]
[Black "Haubro, Martin"]
[Result "0-1"]
[WhiteElo "2152"]
[BlackElo "2365"]
[PlyCount "64"]
[EventDate "2017.07.22"]
[EventType "swiss"]
[EventRounds "10"]
[EventCountry "DEN"]
[SourceTitle "CBM 179 Extra"]
[Source "ChessBase"]
[SourceDate "2017.08.23"]
[SourceVersion "1"]
[SourceVersionDate "2017.08.23"]
[SourceQuality "1"]

1. e4 e5 2. Nf3 Nc6 3. Bb5 a6 4. Ba4 Nf6 5. 0-0 b5 6. Bb3 Bb7 7. d3 Be7 8. Re1 d6 9. c3 0-0 10. Nbd2 Nb8 11. a4 Nbd7 12. axb5 axb5 13. Rxa8 Qxa8 14. Nf1 Nc5 15. Bc2 Re8 16. Ne3 Bf8 17. b4 Ncd7 18. Bb3 c5 19. Ng5 d5 20. Nxd5 Nxd5 21. Qh5 N7f6 22. Qxf7+ Kh8 23. Bxd5 Bxd5 24. exd5 Re7 25. bxc5 Rxf7 26. Nxf7+ Kg8 27. Nxe5 Bxc5 28. c4 Qa2 29. Be3 Bd6 30. Bf4 b4 31. d4 b3 32. c5 b2 0-1

[Event "Helsingor Xtracon op"]
[Site "Helsingor"]
[Date "2017.07.24"]
[Round "4"]
[White "Saric, Zrinka"]
[Black "Tandrup, Michael"]
[Result "1-0"]
[WhiteElo "2152"]
[BlackElo "1946"]
[PlyCount "57"]
[EventDate "2017.07.22"]
[EventType "swiss"]
[EventRounds "10"]
[EventCountry "DEN"]
[SourceTitle "CBM 179 Extra"]
[Source "ChessBase"]
[SourceDate "2017.08.23"]
[SourceVersion "1"]
[SourceVersionDate "2017.08.23"]
[SourceQuality "1"]

1. e4 d5 2. exd5 Qxd5 3. Nc3 Qa5 4. Nf3 Nf6 5. d4 Bg4 6. h3 Bxf3 7. Qxf3 c6 8. Bc4 e6 9. Bd2 Bb4 10. a3 Nd5 11. 0-0 Bxc3 12. bxc3 0-0 13. Bd3 Nd7 14. Rfd1 Qd8 15. Rab1 b5 16. c4 bxc4 17. Bxc4 Qf6 18. Qxf6 gxf6 19. Bh6 Nc3 20. Rd3 Ne4 21. Bxf8 Kxf8 22. Ba6 Nd6 23. Rc3 c5 24. Rxc5 Nxc5 25. dxc5 Ne4 26. Bb7 Rb8 27. c6 Nd6 28. c7 Re8 29. Ba6 1-0

[Event "Helsingor Xtracon op"]
[Site "Helsingor"]
[Date "2017.07.23"]
[Round "2"]
[White "Saric, Zrinka"]
[Black "Jobava, Baadur"]
[Result "0-1"]
[WhiteElo "2152"]
[BlackElo "2714"]
[PlyCount "78"]
[EventDate "2017.07.22"]
[EventType "swiss"]
[EventRounds "10"]
[EventCountry "DEN"]
[SourceTitle "CBM 179 Extra"]
[Source "ChessBase"]
[SourceDate "2017.08.23"]
[SourceVersion "1"]
[SourceVersionDate "2017.08.23"]
[SourceQuality "1"]

1. e4 e5 2. Nf3 Nf6 3. Nxe5 d6 4. Nf3 Nxe4 5. Nc3 Nxc3 6. dxc3 Be7 7. Be3 Nc6 8. Qd2 Bf5 9. Be2 0-0 10. Nd4 Nxd4 11. cxd4 Re8 12. 0-0-0 Qd7 13. h4 d5 14. Kb1 a5 15. Bd3 Bd6 16. Rhg1 a4 17. Bxf5 Qxf5 18. Qd3 Qxd3 19. Rxd3 h5 20. g4 hxg4 21. Rxg4 Re4 22. Rxe4 dxe4 23. Rd1 b5 24. Rg1 f5 25. c3 Kf7 26. Rg5 Kf6 27. Bc1 Rh8 28. h5 Rh6 29. b3 axb3 30. axb3 c6 31. c4 f4 32. Rg4 Rxh5 33. d5 cxd5 34. Bb2+ Kf5 35. Rxg7 bxc4 36. bxc4 dxc4 37. Rg8 Rh1+ 38. Kc2 Rh2 39. Bd4 e3 0-1

[Event "Bled op"]
[Site "Bled"]
[Date "2017.03.12"]
[Round "4"]
[White "Jese, Janez"]
[Black "Saric, Zrinka"]
[Result "1/2-1/2"]
[WhiteElo "1805"]
[BlackElo "2171"]
[PlyCount "47"]
[EventDate "2017.03.10"]
[EventType "swiss"]
[EventRounds "5"]
[EventCountry "SLO"]
[SourceTitle "EXT 2019"]
[Source "ChessBase"]
[SourceDate "2018.10.10"]
[SourceVersion "1"]
[SourceVersionDate "2018.10.10"]
[SourceQuality "1"]

1. e4 c5 2. Nf3 Nc6 3. Nc3 g6 4. d4 cxd4 5. Nxd4 Bg7 6. Be3 Nf6 7. f3 0-0 8. Qd2 d5 9. 0-0-0 Nxd4 10. Bxd4 dxe4 11. fxe4 Be6 12. Kb1 Qa5 13. Nd5 Qxd2 14. Nxf6+ Bxf6 15. Rxd2 Bg5 16. Rd3 Rfc8 17. h4 Bf6 18. Bxf6 exf6 19. Rd2 f5 20. Bd3 Rc5 21. exf5 Bxf5 22. Bxf5 Rxf5 23. g4 Rf4 24. g5 1/2-1/2

[Event "Bled op"]
[Site "Bled"]
[Date "2017.03.12"]
[Round "5"]
[White "Saric, Zrinka"]
[Black "Starc, Enej"]
[Result "1-0"]
[WhiteElo "2171"]
[BlackElo "1889"]
[PlyCount "127"]
[EventDate "2017.03.10"]
[EventType "swiss"]
[EventRounds "5"]
[EventCountry "SLO"]
[SourceTitle "EXT 2019"]
[Source "ChessBase"]
[SourceDate "2018.10.10"]
[SourceVersion "1"]
[SourceVersionDate "2018.10.10"]
[SourceQuality "1"]

1. e4 c6 2. Nc3 d5 3. d4 dxe4 4. Nxe4 Bf5 5. Ng3 Bg6 6. Nf3 Nd7 7. h4 h6 8. h5 Bh7 9. Bd3 Bxd3 10. Qxd3 e6 11. Bd2 Ngf6 12. Ne4 Nxe4 13. Qxe4 Nf6 14. Qe2 Qd5 15. c4 Qe4 16. Rh4 Qxe2+ 17. Kxe2 Be7 18. Ne5 Rc8 19. Be3 Nd7 20. Rh3 f6 21. Nxd7 Kxd7 22. Rg3 Rh7 23. Rd1 Ke8 24. Bf4 Rd8 25. Rb3 Rd7 26. Be3 a6 27. d5 exd5 28. cxd5 cxd5 29. Rbd3 Rh8 30. Rxd5 Rxd5 31. Rxd5 Rf8 32. g4 Rf7 33. Bb6 g6 34. Kf3 Rg7 35. Be3 f5 36. Bxh6 fxg4+ 37. Kxg4 gxh5+ 38. Kxh5 Rg2 39. Be3 Bf6 40. b4 Rg7 41. Rf5 Be7 42. Re5 Kd7 43. Re4 Rh7+ 44. Kg6 Rh1 45. Kf7 Rh7+ 46. Kg6 Rh1 47. Rd4+ Ke6 48. Re4+ Kd7 49. f4 Rh2 50. a4 Rh3 51. f5 Rf3 52. b5 axb5 53. axb5 Bd8 54. Rd4+ Ke8 55. Re4+ Kd7 56. Bf4 Rb3 57. Re5 Rb4 58. Rd5+ Kc8 59. Bg5 Bb6 60. f6 Rb2 61. f7 Rf2 62. Be7 Rg2+ 63. Rg5 Rxg5+ 64. Kxg5 1-0

[Event "Zadar op-B 23rd"]
[Site "Zadar"]
[Date "2016.12.16"]
[Round "8"]
[White "Tomas, Ante"]
[Black "Saric, Zrinka"]
[Result "0-1"]
[WhiteElo "2107"]
[BlackElo "2152"]
[PlyCount "128"]
[EventDate "2016.12.11"]
[EventType "swiss"]
[EventRounds "9"]
[EventCountry "CRO"]
[SourceTitle "CBM 176 Extra"]
[Source "ChessBase"]
[SourceDate "2017.03.02"]
[SourceVersion "1"]
[SourceVersionDate "2017.03.02"]
[SourceQuality "1"]

1. Nf3 d5 2. b3 c5 3. Bb2 Nc6 4. e3 e6 5. Bb5 Nf6 6. Bxc6+ bxc6 7. Ne5 Nd7 8. 0-0 Nxe5 9. Bxe5 f6 10. Bb2 Bd6 11. Qh5+ g6 12. Qh6 Bf8 13. Qh4 Bg7 14. d3 Kf7 15. f4 c4 16. dxc4 dxc4 17. Na3 cxb3 18. Rfd1 Qc7 19. axb3 Ba6 20. Rd2 Rad8 21. Rad1 Rxd2 22. Rxd2 Rd8 23. Qe1 Bf8 24. Qd1 Rxd2 25. Qxd2 Bc5 26. g3 Qd6 27. Qxd6 Bxd6 28. c4 e5 29. fxe5 fxe5 30. Nc2 Bc8 31. c5 Bxc5 32. Bxe5 Be6 33. Bd4 Bxd4 34. Nxd4 Kf6 35. Kf2 Bd7 36. Kf3 Ke5 37. Nc2 a5 38. Ke2 Bf5 39. Kd2 Kd5 40. Nd4 Bd7 41. Kd3 c5 42. e4+ Kd6 43. Nf3 Bb5+ 44. Kc3 h6 45. Nd2 a4 46. bxa4 Bxa4 47. Kc4 Bd1 48. e5+ Kxe5 49. Kxc5 Be2 50. Kc6 Kd4 51. Kd6 Ke3 52. Nb3 Kf2 53. Ke5 Kg2 54. Nc1 Bd1 55. Kf6 Bc2 56. Ne2 Kxh2 57. Nf4 Kxg3 58. Nxg6 h5 59. Ne5 h4 60. Nc4 h3 61. Ne3 Bd3 62. Ke5 h2 63. Kd4 h1Q 64. Kxd3 Qb1+ 0-1

[Event "Olympiad Women-42"]
[Site "Baku"]
[Date "2016.09.04"]
[Round "3.20"]
[White "Saric, Zrinka"]
[Black "Jorquera Cabello, Valentina Paz"]
[Result "1/2-1/2"]
[WhiteElo "2185"]
[BlackElo "2019"]
[PlyCount "93"]
[EventDate "2016.09.02"]
[EventType "team-swiss"]
[EventRounds "11"]
[EventCountry "AZE"]
[SourceTitle "CBM 174 Extra"]
[Source "ChessBase"]
[SourceDate "2016.10.10"]
[SourceVersion "1"]
[SourceVersionDate "2016.10.10"]
[SourceQuality "1"]
[WhiteTeam "Croatia (W)"]
[BlackTeam "Chile (W)"]
[WhiteTeamCountry "CRO"]
[BlackTeamCountry "CHI"]

1. e4 c5 2. Nf3 d6 3. d4 cxd4 4. Nxd4 Nf6 5. Nc3 Nc6 6. Bc4 Qb6 7. Nxc6 bxc6 8. 0-0 g6 9. e5 dxe5 10. Qe2 Qd4 11. Be3 Qd6 12. Rad1 Qc7 13. f4 Bg4 14. Qf2 Bxd1 15. fxe5 Qxe5 16. Bd4 Qd6 17. Bxf6 Qxf6 18. Qc5 e5 19. Bxf7+ Qxf7 20. Qxc6+ Qd7 21. Qxa8+ Qd8 22. Qxd8+ Kxd8 23. Rxd1+ Kc7 24. Rd5 Bg7 25. Ne4 Rf8 26. b3 Kc6 27. c4 Bh6 28. g3 Be3+ 29. Kg2 Bd4 30. b4 Kc7 31. a4 Rb8 32. b5 Kb6 33. Rd6+ Ka5 34. Ra6+ Kb4 35. c5 Rb7 36. Kf3 Bxc5 37. Nxc5 Kxc5 38. Ke4 Re7 39. h4 Kb4 40. g4 Kc5 41. g5 Kb4 42. b6 axb6 43. Rxb6+ Kxa4 44. Rd6 Kb5 45. Rd5+ Kc6 46. Rxe5 Ra7 47. Kf4 1/2-1/2

[Event "Olympiad Women-42"]
[Site "Baku"]
[Date "2016.09.03"]
[Round "2.28"]
[White "Mukhit, Aisezym"]
[Black "Saric, Zrinka"]
[Result "0-1"]
[WhiteElo "2065"]
[BlackElo "2185"]
[PlyCount "80"]
[EventDate "2016.09.02"]
[EventType "team-swiss"]
[EventRounds "11"]
[EventCountry "AZE"]
[SourceTitle "CBM 174 Extra"]
[Source "ChessBase"]
[SourceDate "2016.10.10"]
[SourceVersion "1"]
[SourceVersionDate "2016.10.10"]
[SourceQuality "1"]
[WhiteTeam "Kazakhstan (W)"]
[BlackTeam "Croatia (W)"]
[WhiteTeamCountry "KAZ"]
[BlackTeamCountry "CRO"]

1. e4 c5 2. Nc3 d6 3. g3 Nc6 4. Bg2 g6 5. d3 Bg7 6. Nge2 Bd7 7. Bg5 h6 8. Be3 Nf6 9. h3 0-0 10. Qd2 Kh7 11. 0-0 Qc8 12. Kh2 Nd4 13. f4 Bc6 14. Rab1 Nxe2 15. Qxe2 b5 16. e5 Ne8 17. d4 Bxg2 18. Qxg2 Rb8 19. Nd5 e6 20. Nc3 b4 21. Ne4 cxd4 22. Bxd4 Rb5 23. Rbd1 dxe5 24. Qe2 exd4 25. Qxb5 Qxc2+ 26. Nf2 Qxb2 27. Rb1 Qxa2 28. Qxb4 a5 29. Qc5 Nf6 30. Ra1 Qe2 31. Qxa5 Nd5 32. Rae1 Qc2 33. Rc1 Qb2 34. Rb1 Qe2 35. Rbe1 Qc4 36. Rc1 Nc3 37. Rfe1 Qb3 38. Nd3 Qb7 39. Ne5 Ra8 40. Qc5 Ra2+ 0-1

[Event "Mediterranean Flower (Women) 16th"]
[Site "Rijeka"]
[Date "2016.03.10"]
[Round "6"]
[White "Saric, Zrinka"]
[Black "Drljevic, Ljilja"]
[Result "0-1"]
[WhiteElo "2187"]
[BlackElo "2168"]
[PlyCount "64"]
[EventDate "2016.03.06"]
[EventType "tourn"]
[EventRounds "9"]
[EventCountry "CRO"]
[SourceTitle "CBM 171 Extra"]
[Source "ChessBase"]
[SourceDate "2016.04.26"]
[SourceVersion "1"]
[SourceVersionDate "2016.04.26"]
[SourceQuality "1"]

1. e4 g6 2. d4 Bg7 3. Nc3 d6 4. Be3 a6 5. Qd2 b5 6. h4 Nf6 7. f3 Nbd7 8. 0-0-0 Bb7 9. Bh6 Bxh6 10. Qxh6 b4 11. Nce2 e5 12. Nh3 Qe7 13. Qd2 c5 14. dxc5 dxc5 15. g4 0-0-0 16. Qd6 Qxd6 17. Rxd6 Kc7 18. Rd1 h5 19. Ng5 hxg4 20. Nxf7 gxf3 21. Ng3 Nxe4 22. Nxe4 Bxe4 23. Nxd8 Rxd8 24. Bd3 Bf5 25. Bxf5 gxf5 26. Rhg1 e4 27. Rg5 e3 28. Rxf5 f2 29. Rh1 Rg8 30. Rg5 Rxg5 31. hxg5 e2 32. Kd2 f1Q 0-1

[Event "Zadar op-B 22nd"]
[Site "Zadar"]
[Date "2015.12.16"]
[Round "6"]
[White "Muratovic, Enver"]
[Black "Saric, Zrinka"]
[Result "1/2-1/2"]
[WhiteElo "2207"]
[BlackElo "2146"]
[PlyCount "138"]
[EventDate "2015.12.13"]
[EventType "swiss"]
[EventRounds "9"]
[EventCountry "CRO"]
[SourceTitle "EXT 2017"]
[Source "ChessBase"]
[SourceDate "2016.10.25"]
[SourceVersion "1"]
[SourceVersionDate "2016.10.25"]
[SourceQuality "1"]

1. e4 c5 2. Nf3 Nc6 3. b3 d6 4. Bb2 Nf6 5. Nc3 e5 6. h3 Be7 7. Bc4 0-0 8. Qe2 a6 9. a4 Rb8 10. 0-0 Bd7 11. Nd5 Nxd5 12. Bxd5 Nb4 13. d3 b5 14. axb5 axb5 15. Ra7 Nxd5 16. exd5 Bc8 17. d4 f6 18. dxc5 dxc5 19. Rd1 Bd6 20. Nd2 Qb6 21. Ra2 Bf5 22. Ne4 Bxe4 23. Qxe4 Ra8 24. Rda1 Qb7 25. c4 bxc4 26. Rxa8 Rxa8 27. Rxa8+ Qxa8 28. bxc4 g6 29. Qh4 Kg7 30. f4 Qb8 31. fxe5 Bxe5 32. Bxe5 Qxe5 33. Qf2 Qa1+ 34. Kh2 Qe5+ 35. Kh1 Qd6 36. Qe3 Kf7 37. Kg1 h5 38. h4 Qb6 39. Kh2 Qd6+ 40. Kh1 Qb6 41. Qf4 Ke7 42. Qg3 Kf7 43. Kh2 Qd8 44. Qf4 Qb6 45. Qg3 Qd8 46. Qe3 Qb6 47. Qf4 Ke7 48. Qh6 Qb8+ 49. g3 Qb2+ 50. Kh3 Qf2 51. Qf4 Qg1 52. Qf3 Kd7 53. Qg2 Qc1 54. Qe4 Qf1+ 55. Kh2 Qf2+ 56. Qg2 Qe1 57. Qa2 Qe3 58. Qa7+ Ke8 59. Qb8+ Kf7 60. Qc7+ Kg8 61. Qb8+ Kf7 62. Qb7+ Kf8 63. Qb2 Ke7 64. Qc2 Kd6 65. Kg2 Ke7 66. Kh2 Kd6 67. Qb2 Ke7 68. Qc2 Kd6 69. Kg2 Ke7 1/2-1/2

[Event "Zadar op-B 22nd"]
[Site "Zadar"]
[Date "2015.12.16"]
[Round "5"]
[White "Saric, Zrinka"]
[Black "Sulc, Damir"]
[Result "1-0"]
[WhiteElo "2146"]
[BlackElo "2175"]
[PlyCount "127"]
[EventDate "2015.12.13"]
[EventType "swiss"]
[EventRounds "9"]
[EventCountry "CRO"]
[SourceTitle "EXT 2017"]
[Source "ChessBase"]
[SourceDate "2016.10.25"]
[SourceVersion "1"]
[SourceVersionDate "2016.10.25"]
[SourceQuality "1"]

1. e4 e5 2. Nf3 Nc6 3. Bb5 a6 4. Ba4 Nf6 5. 0-0 Be7 6. Re1 b5 7. Bb3 0-0 8. c3 d6 9. h3 Na5 10. Bc2 c5 11. d4 Qc7 12. Nbd2 cxd4 13. cxd4 Nc6 14. Nb3 a5 15. Be3 a4 16. Nbd2 Nb4 17. Bb1 Bd7 18. a3 Nc6 19. Qe2 Rac8 20. Bd3 exd4 21. Nxd4 Nxd4 22. Bxd4 Qb7 23. Nf3 b4 24. Ba6 Qb8 25. Bxc8 Rxc8 26. axb4 Qxb4 27. Rac1 h6 28. Rxc8+ Bxc8 29. Qc2 Be6 30. Bc3 Qc4 31. Nd4 Bd7 32. Qe2 Qc8 33. Nf5 Bxf5 34. exf5 Nd5 35. Qe4 Qc5 36. Qxa4 Nxc3 37. bxc3 Bf8 38. f6 Qxc3 39. Re8 Qc1+ 40. Kh2 gxf6 41. h4 f5 42. Qd4 Qc6 43. Qe3 Qa4 44. g3 Qd7 45. Rb8 Qe6 46. Qc3 Qe5 47. Qc8 Qe7 48. Qxf5 Qe6 49. Qc2 Kg7 50. Qc3+ Qe5 51. Qc8 Qe7 52. Qg4+ Kh7 53. Qf5+ Kg7 54. Rb4 Kg8 55. Re4 Qa7 56. Re8 Qd4 57. Kh3 Qc4 58. Rc8 Qe6 59. Qxe6 fxe6 60. Rc7 d5 61. Kg4 Bg7 62. Re7 e5 63. Kf5 d4 64. Kg6 1-0

[Event "Zadar op-B 22nd"]
[Site "Zadar"]
[Date "2015.12.15"]
[Round "4"]
[White "Bozinovic, Bogdan"]
[Black "Saric, Zrinka"]
[Result "1/2-1/2"]
[WhiteElo "2115"]
[BlackElo "2146"]
[PlyCount "66"]
[EventDate "2015.12.13"]
[EventType "swiss"]
[EventRounds "9"]
[EventCountry "CRO"]
[SourceTitle "EXT 2017"]
[Source "ChessBase"]
[SourceDate "2016.10.25"]
[SourceVersion "1"]
[SourceVersionDate "2016.10.25"]
[SourceQuality "1"]

1. d4 d5 2. c4 e6 3. Nc3 Bb4 4. a3 Bxc3+ 5. bxc3 b6 6. cxd5 exd5 7. e3 Nf6 8. f3 0-0 9. Bd3 c5 10. Ne2 Ba6 11. 0-0 Bxd3 12. Qxd3 Nc6 13. Ng3 Re8 14. Bb2 Na5 15. Rad1 Nc4 16. Bc1 cxd4 17. cxd4 Nd6 18. Rfe1 Qe7 19. a4 Qe6 20. Ba3 Rac8 21. Re2 Nc4 22. Bc1 Qc6 23. e4 Qxa4 24. e5 Nd7 25. Nf5 Nf8 26. f4 Rc7 27. Ree1 Qd7 28. Ng3 Qg4 29. h3 Qh4 30. Nf5 Qd8 31. Ng3 Qh4 32. Nf5 Qd8 33. Ng3 Qh4 1/2-1/2

[Event "CRO-chT (Women) 24th"]
[Site "Bol"]
[Date "2015.10.04"]
[Round "3.13"]
[White "Saric, Zrinka"]
[Black "Racki, Barbara"]
[Result "1-0"]
[WhiteElo "2118"]
[BlackElo "1918"]
[PlyCount "33"]
[EventDate "2015.10.03"]
[EventType "team-tourn"]
[EventRounds "9"]
[EventCountry "CRO"]
[SourceTitle "CBM 168 Extra"]
[Source "ChessBase"]
[SourceDate "2015.10.29"]
[SourceVersion "1"]
[SourceVersionDate "2015.10.29"]
[SourceQuality "1"]
[WhiteTeam "Rijeka Liburija (W)"]
[BlackTeam "Rijeka Junior (W)"]
[WhiteTeamCountry "CRO"]
[BlackTeamCountry "CRO"]

1. e4 e5 2. Nf3 Nc6 3. Bb5 a6 4. Ba4 Nf6 5. 0-0 Be7 6. Re1 b5 7. Bb3 0-0 8. c3 d6 9. h3 Na5 10. Bc2 c5 11. d4 Qc7 12. Nbd2 Bd7 13. Nf1 Rfc8 14. dxc5 dxc5 15. Ne3 Re8 16. Nd5 Qd6 17. Nxf6+ 1-0

[Event "Mitropa Cup (Women)"]
[Site "Zillertal"]
[Date "2015.06.22"]
[Round "9.4"]
[White "Exler, Veronika"]
[Black "Saric, Zrinka"]
[Result "1-0"]
[WhiteElo "2193"]
[BlackElo "2137"]
[PlyCount "210"]
[EventDate "2015.06.14"]
[EventType "team-tourn"]
[EventRounds "9"]
[EventCountry "AUT"]
[SourceTitle "CBM 167 Extra"]
[Source "ChessBase"]
[SourceDate "2015.09.14"]
[SourceVersion "1"]
[SourceVersionDate "2015.09.14"]
[SourceQuality "1"]
[WhiteTeam "Austria (W)"]
[BlackTeam "Croatia (W)"]
[WhiteTeamCountry "AUT"]
[BlackTeamCountry "CRO"]

1. d4 Nf6 2. c4 e6 3. Nf3 d5 4. g3 dxc4 5. Bg2 Bd7 6. Ne5 Bc6 7. Nxc6 Nxc6 8. 0-0 Qd7 9. e3 0-0-0 10. Qa4 Nd5 11. Qxc4 h5 12. Rd1 h4 13. Qe2 hxg3 14. hxg3 f5 15. Nc3 Be7 16. e4 fxe4 17. Nxe4 Nf6 18. Be3 Nxe4 19. Bxe4 Nb4 20. Bf4 Nd5 21. Be5 Bd6 22. Rac1 Kb8 23. Kg2 Rh6 24. Rh1 Rdh8 25. Rxh6 Rxh6 26. Bxd6 Qxd6 27. Qg4 Qe7 28. Re1 Nf6 29. Qg5 Rh5 30. Qf4 Qd7 31. Qf3 c6 32. Bg6 Rh6 33. Qf4+ Qc7 34. Qxc7+ Kxc7 35. Bf7 Nd5 36. Bxe6 Nb4 37. Re2 Kd6 38. Bc4 b5 39. Bb3 a5 40. a3 Nd5 41. Re5 Nc7 42. f4 Ne6 43. Bxe6 Rxe6 44. Rxe6+ Kxe6 45. Kf3 Kd5 46. Ke3 Kc4 47. f5 Kb3 48. g4 Kxb2 49. g5 b4 50. axb4 a4 51. f6 gxf6 52. gxf6 a3 53. f7 a2 54. f8Q a1Q 55. Qc5 Qe1+ 56. Kd3 Qd1+ 57. Ke4 Qe1+ 58. Kf5 Qe8 59. Qe5 Qf7+ 60. Ke4 Qh7+ 61. Ke3 Qh6+ 62. Kd3 Qh3+ 63. Ke4 Qh7+ 64. Kf4 Qf7+ 65. Kg5 Kb3 66. Qd6 Qf3 67. Qc5 Qe4 68. b5 cxb5 69. Qxb5+ Kc3 70. Qc5+ Kd3 71. d5 Qe5+ 72. Kg6 Ke4 73. Qc4+ Ke3 74. Kf7 Qf5+ 75. Ke7 Qe5+ 76. Kd7 Qf5+ 77. Kd6 Qf8+ 78. Kd7 Qf5+ 79. Kc7 Qf7+ 80. Kb6 Qf6+ 81. Qc6 Qb2+ 82. Kc7 Qg7+ 83. Kd8 Qg5+ 84. Kc7 Qg7+ 85. Kb8 Qb2+ 86. Ka7 Qg7+ 87. Kb6 Qb2+ 88. Qb5 Qf6+ 89. Kc5 Qc3+ 90. Qc4 Qa5+ 91. Kc6 Qa8+ 92. Kd6 Qd8+ 93. Kc5 Qa5+ 94. Kc6 Qa8+ 95. Kd7 Qb7+ 96. Ke6 Qg7 97. Qb3+ Kf4 98. Qb4+ Kf3 99. d6 Qg6+ 100. Kd7 Qf5+ 101. Kc7 Qe5 102. Kc6 Qe6 103. Qc3+ Kf2 104. Qd4+ Kg3 105. Kc7 Qf5 1-0

[Event "Mitropa Cup (Women)"]
[Site "Zillertal"]
[Date "2015.06.18"]
[Round "5.2"]
[White "Zimina, Olga"]
[Black "Saric, Zrinka"]
[Result "1-0"]
[WhiteElo "2349"]
[BlackElo "2137"]
[PlyCount "135"]
[EventDate "2015.06.14"]
[EventType "team-tourn"]
[EventRounds "9"]
[EventCountry "AUT"]
[SourceTitle "CBM 167 Extra"]
[Source "ChessBase"]
[SourceDate "2015.09.14"]
[SourceVersion "1"]
[SourceVersionDate "2015.09.14"]
[SourceQuality "1"]
[WhiteTeam "Italy (W)"]
[BlackTeam "Croatia (W)"]
[WhiteTeamCountry "ITA"]
[BlackTeamCountry "CRO"]

1. Nf3 c5 2. c4 g6 3. e4 Nc6 4. d4 cxd4 5. Nxd4 Nf6 6. Nc3 d6 7. Be2 Nxd4 8. Qxd4 Bg7 9. 0-0 0-0 10. Qe3 Be6 11. Bd2 Nd7 12. Rac1 Qb6 13. b3 Qxe3 14. Bxe3 Nc5 15. f3 Rfc8 16. Rfd1 a5 17. Bf1 h5 18. g3 Rab8 19. Bf2 Bh6 20. f4 Bg7 21. Re1 Kf8 22. Nb5 Bd7 23. Nd4 Ne6 24. Nf3 Nc5 25. e5 Bg4 26. Kg2 dxe5 27. Nxe5 Bf5 28. Rcd1 Ne4 29. Bb6 Ra8 30. Bd3 Bxe5 31. fxe5 Rc6 32. Bd4 Ng5 33. Be3 Bxd3 34. Rxd3 Ne6 35. Rd7 b5 36. cxb5 Rc2+ 37. Kf3 a4 38. b6 axb3 39. axb3 Rb8 40. Ra1 Rc3 41. Ke2 Rxb3 42. Raa7 Rb2+ 43. Rd2 Rb5 44. Rda2 Ke8 45. Ra8 Rxa8 46. Rxa8+ Nd8 47. Rc8 Kd7 48. Rc7+ Ke6 49. Bd4 Rb3 50. Kd2 f6 51. exf6 exf6 52. Kc2 Rb5 53. Kc3 Nf7 54. Rc6+ Kd5 55. Rxf6 Nd6 56. Rxg6 Ne4+ 57. Kd3 Rb3+ 58. Kc2 Rb5 59. Be3 Ke5 60. Rg7 Kd5 61. Kd3 Rb3+ 62. Ke2 Nc3+ 63. Kf3 Ke6 64. Kg2 Rb2+ 65. Kh3 Nd5 66. Bd4 Rb4 67. b7 h4 68. Ba7 1-0

[Event "Mitropa Cup (Women)"]
[Site "Zillertal"]
[Date "2015.06.14"]
[Round "1.2"]
[White "Saric, Zrinka"]
[Black "Unuk, Laura"]
[Result "1/2-1/2"]
[WhiteElo "2137"]
[BlackElo "2121"]
[PlyCount "130"]
[EventDate "2015.06.14"]
[EventType "team-tourn"]
[EventRounds "9"]
[EventCountry "AUT"]
[SourceTitle "CBM 167 Extra"]
[Source "ChessBase"]
[SourceDate "2015.09.14"]
[SourceVersion "1"]
[SourceVersionDate "2015.09.14"]
[SourceQuality "1"]
[WhiteTeam "Croatia (W)"]
[BlackTeam "Slovenia (W)"]
[WhiteTeamCountry "CRO"]
[BlackTeamCountry "SLO"]

1. e4 e6 2. d4 d5 3. Nc3 Nf6 4. Bg5 Bb4 5. e5 h6 6. Bc1 Ne4 7. Qg4 g6 8. Nge2 c5 9. a3 Bxc3+ 10. Nxc3 Nxc3 11. bxc3 Qa5 12. Bd2 Qa4 13. h4 Qxc2 14. Rh3 Qe4+ 15. Qxe4 dxe4 16. Re3 Bd7 17. Rxe4 Bc6 18. Re3 Nd7 19. h5 g5 20. Rg3 f5 21. exf6 Nxf6 22. Bd3 Ke7 23. Bg6 Be8 24. dxc5 Bxg6 25. hxg6 Rad8 26. Re3 Rhg8 27. c4 Ng4 28. Rb3 Rd7 29. Rab1 Nxf2 30. Bxg5+ hxg5 31. Kxf2 Rxg6 32. Rxb7 e5 33. Ke3 Rc6 34. Rxd7+ Kxd7 35. Rb7+ Ke6 36. Rxa7 Rxc5 37. Kd3 Kf5 38. Rb7 Ra5 39. Rb3 Ra4 40. Rc3 Ke6 41. Ke4 g4 42. g3 Ra8 43. Rb3 Ra6 44. Kd3 Kd6 45. Kc3 Kc6 46. Kb2 Kc5 47. Rb4 Rf6 48. Rb5+ Kxc4 49. Rxe5 Rf2+ 50. Kb1 Rf3 51. Re4+ Kd5 52. Rxg4 Rxa3 53. Kc2 Ke5 54. Kd2 Kf5 55. Rg8 Kf6 56. Ke2 Kf7 57. Rg4 Kf6 58. Kf2 Ra5 59. Kf3 Rf5+ 60. Kg2 Rg5 61. Ra4 Kg6 62. g4 Rb5 63. Kf3 Kg5 64. Ra3 Rc5 65. Rb3 Ra5 1/2-1/2